00885nam a22001097a 4500040000800000082002700008100001400035245058800049260002600637300002500663856008700688 cRUA aAVM MON 2010 B093 Or.1 aMON, YEN. aThe effect of shrimp and tomato (sotanumlycoper sicunml) by product supplemented to HI-GRO feed on the growth of avian at the royal university of agriculture, ឥទ្ធិពលនៃការបន្ថែមអនុផល​​និងសំនល់ប៉េងប៉ោះស្រសល់លើចំណីផ្សំ ស៊ី ភី លើការលូតលាស់របស់មាន់សាច់ពូជ AVIAN នៅស្ថានីយពិសោធន៍សត្វនៃសាកលវិទ្យាល័យភូមិន្ទកសិកម្ម aPhnom PenhbRUAc2010 ax; 37p.bill.c29cm. uhttps://drive.google.com/file/d/1q-Q4QtaNh5vD2riEaYsuZL2tyKJMRzyK/view?usp=sharing